| 000 | 01067cam a2200301 i 4500 | ||
|---|---|---|---|
| 001 | 68784 | ||
| 003 | Mx-PuUPA | ||
| 005 | 20260224091109.0 | ||
| 008 | 200302s2017 fluad||fr|||| 001 0 eng|d | ||
| 020 |
_a9781498716758 _qpasta dura |
||
| 040 |
_aMx-PuUPA _bspa _cMx-PuUPA _dMx-PuUPA _erda |
||
| 041 | 0 | _aeng | |
| 100 | 1 |
_aMott, Robert L., _eautor _94685 |
|
| 245 | 1 | 0 |
_aApplied strength of materials / _cRobert L. Mott, Joseph A. Untener |
| 250 | _aSixth edition | ||
| 264 | 1 |
_aBoca Ratón, FL : _bCRC Press, Taylor & Francis Group, _c©2017 |
|
| 300 |
_a834 páginas : _bilustraciones, gráficas, diagramas, tablas, fórmulas ; _c26 cm |
||
| 336 |
_2rdacontent _atexto _btxt |
||
| 337 |
_2rdamedia _asin medio _bn |
||
| 338 |
_2rdacarrier _avolumen _bnc |
||
| 650 | 7 |
_2armarc _aResistencia de materiales |
|
| 700 | 1 |
_aUntener, Joseph A., _eautor |
|
| 942 |
_2ddc _cLI _h620.112 _iM57 |
||
| 999 |
_c68784 _d68784 |
||